| 000 | 00315nam a22001097a 4500 | ||
|---|---|---|---|
| 082 | _a621.3 MAR'E | ||
| 100 |
_aMARTIN, R. E _974966 |
||
| 245 | _aELECTRICAL INTERFACE IN ELECTRONIC SYSTEM ITS AVOIDENCE WITHIN HIGH VOLTAGE SUBSTATIONS AND ELSE WHERE | ||
| 260 |
_aENGLAND _bRSP _c1979 |
||
| 300 | _a198P | ||
| 942 | _cBK | ||
| 999 |
_c580469 _d580469 |
||